| 000 | 00652cam a22001934i 4500 | ||
|---|---|---|---|
| 020 | _a9781554075812 (pbk.) | ||
| 020 | _a1554075815 (pbk.) | ||
| 040 | _cNLC | ||
| 082 | 0 | 4 | _a635 COO 1986 C153 Or. |
| 100 | 1 | _aBiggs, Matthew. | |
| 245 | 1 | 4 |
_aThe complete book of vegetables : _bthe ultimate guide to growing, cooking and eating vegetables / |
| 250 | _aRevised edition with a foreword / | ||
| 300 |
_a280 pages : _bcolor illustrations ; _c27 cm |
||
| 500 | _aPreviously published as: Matthew Biggs's complete book of vegetables. | ||
| 650 | 0 | _aVegetable gardening. | |
| 650 | 0 | _aCooking (Vegetables) | |
| 700 | 1 | _aBiggs, Matthew. | |
| 942 | _cAEDBB | ||
| 999 |
_c18894 _d18894 |
||